[Event "Mephisto-GM-Turnier"]
[Site "Altensteig"]
[Date "1993.??.??"]
[Round "5"]
[White "Almasi, Zoltan"]
[Black "Vogt, Lothar"]
[Result "1-0"]
[WhiteElo "2580"]
[BlackElo "2495"]

1.e4 c5 2.Nf3 e6 3.d4 cxd4 4.Nxd4 a6 5.Bd3 Nf6 6.O-O Qc7 7.Qe2 d6 8.c4 g6
9.Nc3 Bg7 10.Nf3 O-O 11.Rd1 Nc6 12.h3 Nd7 13.Be3 b6 14.Rac1 Bb7 15.Bb1 Nce5
16.Nxe5 Nxe5 17.b3 Rfd8 18.Qd2 Bf8 19.Na4 Nd7 20.Bg5 Rdb8 21.Nc3 Re8 22.Bh4 Rac8
23.Bg3 Ne5 24.f4 Nc6 25.Bf2 Rb8 26.a3 Ba8 27.b4 Qe7 28.Na4 Qd8 29.Be3 b5
30.cxb5 axb5 31.Nc3 Ne7 32.Qe2 Bc6 33.Bc5 Nc8 34.e5 Qc7 35.exd6 Nxd6 36.Qe5 Rbd8
37.Bd4 f6 38.Qxf6 Bg7 39.Qxg7+ Qxg7 40.Bxg7 Kxg7 41.Ba2 Nf5 42.Kf2 Nd4 43.Bd5 Bxd5
44.Rxd4 Bc4 45.Rcd1 Rxd4 46.Rxd4 g5 47.a4 gxf4 48.axb5 Bb3 49.Rxf4 Rc8 50.Rg4+ Kf8
51.Ne4 Rb8 52.Nc5  1-0

[Event "Mephisto-GM-Turnier"]
[Site "Altensteig"]
[Date "1993.??.??"]
[Round "7"]
[White "Almasi, Zoltan"]
[Black "Zueger, Beat"]
[Result "1-0"]
[WhiteElo "2580"]
[BlackElo "2395"]

1.e4 e6 2.d4 d5 3.Nc3 Nf6 4.Bg5 Be7 5.e5 Nfd7 6.Bxe7 Qxe7 7.f4 O-O 8.Nf3 c5
9.Qd2 Nc6 10.dxc5 Qxc5 11.O-O-O Nb6 12.h4 Bd7 13.h5 Rfc8 14.h6 g6 15.Nh2 Na5
16.Qd4 Qe7 17.Ng4 Rc7 18.Nf6+ Kh8 19.Nfxd5 Nxd5 20.Nxd5 exd5 21.e6+ f6 22.exd7 Rxd7
23.Bb5 Nc6 24.Bxc6 bxc6 25.Rhe1 Qd6 26.c4 Rc8 27.g4 Kg8 28.f5 Qf8 29.Qe3 Qf7
30.Qc3 Qf8 31.Kb1 Re8 32.cxd5 cxd5 33.Rxe8 Qxe8 34.Qxf6 d4 35.Qe6+ Qxe6 36.fxe6 Rd5
37.Re1 Kf8 38.Rf1+ Ke7 39.Rf7+ Kxe6 40.Rxh7 Rg5 41.Re7+ Kxe7 42.h7  1-0

[Event "Mephisto-GM-Turnier"]
[Site "Altensteig"]
[Date "1993.??.??"]
[Round "10"]
[White "Bischoff, Klaus"]
[Black "Almasi, Zoltan"]
[Result "1/2-1/2"]
[WhiteElo "2515"]
[BlackElo "2580"]

1.Nf3 Nf6 2.c4 e6 3.d4 b6 4.g3 Bb7 5.Bg2 Be7 6.Nc3 Ne4 7.Bd2 f5 8.O-O O-O
9.d5 Bf6 10.Rc1 Na6 11.Be1 Bxc3 12.Bxc3 Nxc3 13.Rxc3 Nc5 14.Nd2 Qf6 15.Nb3 Nxb3
16.Qxb3 d6 17.c5 dxc5 18.dxe6 Bxg2 19.Kxg2 Rae8 20.Re3 Re7 21.Rd1 f4 22.gxf4 Qxf4
23.f3 Qg5+ 24.Kh1 h6 25.Rd7 c4 26.Qxc4 c5 27.Qe4 Rfe8 28.Rxe7 Qxe7 29.f4 Qf6
30.b3 g6 31.Kg2 Kg7 32.Kg3 Re7 33.Qd5 Qf5 34.Re5 Qf8 35.e4 Qf6 36.h4 Qf8
37.h5 Qf6 38.hxg6 Qxg6+ 39.Kf3 Qg1 40.Qd2 Kh7 41.Qg2 Qd1+ 42.Qe2 Qh1+ 43.Qg2 Qd1+
44.Qe2 Qh1+  1/2-1/2

[Event "Mephisto-GM-Turnier"]
[Site "Altensteig"]
[Date "1993.??.??"]
[Round "11"]
[White "Almasi, Zoltan"]
[Black "Boensch, Uwe"]
[Result "1/2-1/2"]
[WhiteElo "2580"]
[BlackElo "2525"]

1.e4 c5 2.Nf3 d6 3.d4 cxd4 4.Nxd4 Nf6 5.Nc3 a6 6.f4 Nbd7 7.Be2 g6 8.O-O Bg7
9.Kh1 O-O 10.Bf3 Qc7 11.a4 Re8 12.Nb3 Rb8 13.a5 e6 14.Be3 b5 15.axb6 Nxb6
16.Na5  1/2-1/2

[Event "Balatonbereny op"]
[Site "Balatonbereny"]
[Date "1993.??.??"]
[Round "2"]
[White "Kock, Hans Uwe"]
[Black "Almasi, Zoltan"]
[Result "0-1"]
[WhiteElo "2315"]
[BlackElo "2580"]

1.d4 Nf6 2.c4 e6 3.Nf3 b6 4.g3 Ba6 5.Qc2 c5 6.Bg2 Nc6 7.dxc5 Bxc5 8.a3 Be7
9.O-O Rc8 10.Rd1 O-O 11.b3 Na5 12.Nc3 b5 13.cxb5 Nd5 14.Bb2 Bf6 15.Nd4 Bb7
16.e4 Qb6 17.exd5 Bxd4 18.Rac1 e5 19.Ba1 d6 20.a4 Qc5 21.Be4 g6 22.Qb1 Qa3
23.Rc2 Qxb3 24.Na2 Bxa1 25.Rxc8 Rxc8 26.Qxa1 Qxa4 27.Qb1 Rc5 28.Nb4 Rxb5  0-1

[Event "Balatonbereny op"]
[Site "Balatonbereny"]
[Date "1993.??.??"]
[Round "3"]
[White "Almasi, Zoltan"]
[Black "Juergens, Vera"]
[Result "1-0"]
[WhiteElo "2580"]
[BlackElo "2350"]

1.e4 e5 2.Nf3 Nc6 3.Bb5 g6 4.c3 a6 5.Ba4 d6 6.O-O Bg7 7.d4 Bd7 8.d5 Nce7
9.Bxd7+ Qxd7 10.c4 h6 11.Ne1 f5 12.f3 Nf6 13.Nc3 O-O 14.Nd3 g5 15.Qe2 Ng6
16.g3 f4 17.Bd2 h5 18.Kh1 Bh6 19.Rg1 Kh7 20.gxf4 exf4 21.e5 Nxe5 22.Nxe5 dxe5
23.Qd3+ Kh8 24.Rae1 Rae8 25.Ne4 Qf5 26.Bc3 Nxe4 27.Rxe4 g4 28.Qe2 gxf3 29.Qxf3 Bg7
30.c5 Bf6 31.d6 cxd6 32.cxd6 Rg8 33.Rge1 Rg4 34.Qd1 f3 35.d7 Reg8 36.Rxe5 Qg6
37.Rxh5+ Qxh5 38.Bxf6+ Kh7 39.d8=Q f2 40.Q8d7+ Kh6 41.Q1d2+  1-0

[Event "Balatonbereny op"]
[Site "Balatonbereny"]
[Date "1993.??.??"]
[Round "6"]
[White "Petran, Pal"]
[Black "Almasi, Zoltan"]
[Result "1/2-1/2"]
[WhiteElo "2440"]
[BlackElo "2580"]

1.d4 Nf6 2.c4 g6 3.Nc3 Bg7 4.e4 d6 5.Nf3 O-O 6.Be2 Bg4 7.Be3 Nfd7 8.h4 Bxf3
9.Bxf3 c5 10.d5 b5 11.cxb5 a6 12.a4 Qa5 13.Bd2  1/2-1/2

[Event "Balatonbereny op"]
[Site "Balatonbereny"]
[Date "1993.??.??"]
[Round "9"]
[White "Almasi, Zoltan"]
[Black "Klinger, Josef"]
[Result "0-1"]
[WhiteElo "2580"]
[BlackElo "2435"]

1.e4 Nc6 2.Nf3 d6 3.d4 Nf6 4.Nc3 Bg4 5.Be3 e6 6.Qd2 d5 7.e5 Nd7 8.Be2 Be7
9.h3 Bh5 10.O-O O-O 11.Ne1 Bxe2 12.Nxe2 f6 13.Nf4 Qe8 14.c3 Qf7 15.exf6 Nxf6
16.Nf3 Ne4 17.Qd1 Bd6 18.Nd3 Qf5 19.Nh4 Qf6 20.Qg4 Rae8 21.Nf3 Rf7 22.Rae1 Ref8
23.Bc1 a5 24.a4 b6 25.Ng5 Nxg5 26.Qxg5 Qxg5 27.Bxg5 Rf5 28.Bc1 Re8 29.f4 Nd8
30.Be3 Rf7 31.b3 Nb7 32.Bd2 c5 33.f5 cxd4 34.cxd4 Nd8 35.Bg5 Nc6 36.Rxe6 Rxe6
37.fxe6 Bh2+ 38.Kxh2 Rxf1 39.Bd8 Rd1 40.Nf2 Rxd4  0-1

[Event "Wch U18"]
[Site "Bratislava"]
[Date "1993.??.??"]
[Round "1"]
[White "Goban, Marek"]
[Black "Almasi, Zoltan"]
[Result "0-1"]
[WhiteElo "2230"]
[BlackElo "2490"]

1.e4 e5 2.Nf3 Nc6 3.Bb5 a6 4.Ba4 Nf6 5.O-O Be7 6.Bxc6 dxc6 7.Qe1 Nd7 8.d3 O-O
9.Nbd2 f6 10.Qe2 Nc5 11.Nc4 Ne6 12.Be3 c5 13.g3 Qe8 14.Nh4 b5 15.Nd2 g6 16.Ng2 Bb7
17.f4 exf4 18.Nxf4 Bd6 19.Qg4 f5 20.exf5 Nxf4 21.Bxf4 Bxf4 22.gxf4 Qe3+ 23.Rf2 Rxf5
24.Qg3 Qd4 25.c3 Qd5 26.Ne4 c4 27.Rd2 Raf8 28.Rf1 cxd3  0-1

[Event "Wch U18"]
[Site "Bratislava"]
[Date "1993.??.??"]
[Round "2"]
[White "Almasi, Zoltan"]
[Black "Forster, Richard"]
[Result "1-0"]
[WhiteElo "2490"]
[BlackElo "2270"]

1.e4 c5 2.Nf3 d6 3.d4 cxd4 4.Nxd4 Nf6 5.Nc3 e6 6.f4 a6 7.Qf3 Qb6 8.a3 Nc6
9.Nxc6 bxc6 10.b3 Bb7 11.Bb2 c5 12.O-O-O O-O-O 13.Bd3 d5 14.exd5 exd5 15.Na4 Qc6
16.Be5 Bd6 17.Bf5+ Kb8 18.c4 Qc7 19.cxd5 Bxe5 20.fxe5 Qxe5 21.Qg3 Qxg3 22.hxg3 Rxd5
23.Rxd5 Bxd5 24.Nxc5 Ka7 25.g4 g6 26.g5 gxf5 27.gxf6 Bxg2 28.Rh2 Bd5 29.Rh5 Rc8
30.b4 Rc6 31.Rxf5 Be4 32.Re5 Bg6 33.Re7+ Ka8 34.Kb2 Rxf6 35.Kb3 Rb6 36.Ka4 Rd6
37.Ka5 h5 38.Nxa6 h4 39.b5 h3 40.b6 Rd5+ 41.Kb4 Rd1 42.b7+  1-0

[Event "Wch U18"]
[Site "Bratislava"]
[Date "1993.??.??"]
[Round "3"]
[White "Finkel, Alexander"]
[Black "Almasi, Zoltan"]
[Result "0-1"]
[WhiteElo "2295"]
[BlackElo "2490"]

1.e4 e5 2.Nc3 Nc6 3.g3 h5 4.h3 h4 5.g4 Nge7 6.Bg2 Ng6 7.Nge2 Bc5 8.d3 Nd4
9.Nxd4 Bxd4 10.Ne2 Bb6 11.c3 Qf6 12.d4 d6 13.a4 a6 14.Be3 Be6 15.a5 Ba7 16.O-O Bc4
17.Re1 Nf8 18.Qd2 Ne6 19.d5 Bxe3 20.Qxe3 Bxe2 21.dxe6 Bc4 22.exf7+ Qxf7 23.Qg5 Rh6
24.Rad1 Qe7 25.Qe3 Rf6 26.Bf1 Be6 27.Be2 Rf4 28.c4 Kf8 29.Kg2 Kg8 30.b3 Raf8
31.f3 Qg5 32.Rd3 Bd7 33.Rc3 Bc6 34.Rf1 Qf6 35.Bd3 Bd7 36.Be2 Kh8 37.Rcc1 Qg5
38.Rc3 Be6 39.b4 Bg8 40.Rd1 Qf6 41.c5 d5 42.exd5 e4 43.d6 c6 44.Rf1 Bd5 45.Rf2 g5
46.Bd1 Kg7 47.Be2 Kh6 48.Bd1 Rf7 49.Be2 Qg7 50.Qc1 Qe5 51.Bc4 exf3+  0-1

[Event "Wch U18"]
[Site "Bratislava"]
[Date "1993.??.??"]
[Round "4"]
[White "Almasi, Zoltan"]
[Black "Spangenberg, Hugo"]
[Result "1/2-1/2"]
[WhiteElo "2490"]
[BlackElo "2505"]

1.e4 c5 2.Nf3 Nc6 3.d4 cxd4 4.Nxd4 e6 5.Nb5 d6 6.c4 Nf6 7.N1c3 a6 8.Na3 b6
9.Be2 Bb7 10.O-O Be7 11.Be3 Nb8 12.f3 Nbd7 13.Qd2 O-O 14.Rfd1 Qc7 15.Rac1 Rac8
16.Qe1 Qb8 17.Qf2 Bd8 18.Nab1 Bc7 19.g3 Rfe8  1/2-1/2

[Event "Wch U18"]
[Site "Bratislava"]
[Date "1993.??.??"]
[Round "5"]
[White "Berzinsh, Roland"]
[Black "Almasi, Zoltan"]
[Result "0-1"]
[WhiteElo "2395"]
[BlackElo "2490"]

1.e4 e5 2.Nf3 Nc6 3.Bb5 a6 4.Ba4 Nf6 5.O-O Be7 6.Re1 b5 7.Bb3 d6 8.c3 O-O
9.h3 Re8 10.d4 Bb7 11.Ng5 Rf8 12.Nf3 Re8 13.Ng5 Rf8 14.Nf3 Nd7 15.Nbd2 Bf6
16.Nf1 Na5 17.Bc2 g6 18.dxe5 Nxe5 19.Nxe5 Bxe5 20.Bh6 Re8 21.Ne3 Bh8 22.Qf3 Qh4
23.Bf4 Bg7 24.Rad1 Re6 25.Nd5 Bxd5 26.Rxd5 Qe7 27.Rdd1 Re8 28.Rf1 Nc4 29.Bc1 Ne5
30.Qg3 Nd7 31.a4 bxa4 32.Bg5 Bf6 33.Bxf6 Nxf6 34.f3 Rb8 35.Rb1 d5 36.exd5 Re2
37.Bxa4 Nxd5 38.Kh1 Ne3 39.Rg1 Nf5 40.Qf4 Rbxb2 41.Rxb2 Rxb2 42.Bc6 Qc5 43.Be4 Nd6
44.Qf6 Rb3 45.Rc1 Qe3 46.Ra1 Qxc3 47.Qxc3 Rxc3 48.Ba8 h5 49.Rxa6 Rc1+ 50.Kh2 h4
51.Ra4 Nc4 52.Be4 Ne3 53.Bd3 Rd1 54.Bb5 Rd2 55.Rxh4 Rxg2+ 56.Kh1 Rb2 57.Ba6 c5
58.Re4 Nf5 59.Kg1 Nd4 60.Re3 Kg7 61.Bc4 Rc2 62.Bd5 Ne2+ 63.Kf1 Nf4 64.Bb3 Rc1+
65.Kf2 c4 66.Ba4 Nxh3+ 67.Ke2 Nf4+ 68.Kd2 Ra1 69.Bc6 Ra6 70.Be4 f5 71.Bc2 Rd6+
72.Kc1 Nd3+  0-1

[Event "Wch U18"]
[Site "Bratislava"]
[Date "1993.??.??"]
[Round "6"]
[White "Almasi, Zoltan"]
[Black "Yemelin, Vasily"]
[Result "1-0"]
[WhiteElo "2490"]
[BlackElo "2380"]

1.e4 e5 2.Nf3 Nc6 3.Bb5 a6 4.Ba4 Nf6 5.O-O Be7 6.Re1 b5 7.Bb3 d6 8.c3 O-O
9.h3 Nb8 10.d4 Nbd7 11.Nbd2 Bb7 12.Bc2 Re8 13.a4 Bf8 14.Bd3 c6 15.b3 g6 16.Qc2 Qc7
17.Bb2 Bg7 18.c4 bxa4 19.c5 exd4 20.cxd6 Qxd6 21.Bxd4 Qb8 22.Rxa4 c5 23.Bb2 Nh5
24.Bxg7 Kxg7 25.Qc3+ f6 26.Ra5 Nf4 27.Bf1 Qc7 28.g3 Ne6 29.Nc4 Rad8 30.Bg2 Nd4
31.Nxd4 cxd4 32.Qxd4 Ne5 33.Qa1 Nxc4 34.bxc4 Qxc4 35.e5 Bxg2 36.Kxg2 fxe5
37.Rxa6 Ra8 38.Rxe5 Rxa6 39.Re7+ Kh6 40.Qg7+ Kg5 41.h4+  1-0

[Event "Wch U18"]
[Site "Bratislava"]
[Date "1993.??.??"]
[Round "7"]
[White "Petrov, Marijan"]
[Black "Almasi, Zoltan"]
[Result "1/2-1/2"]
[WhiteElo "2330"]
[BlackElo "2490"]

1.e4 e5 2.Nf3 Nc6 3.Bb5 a6 4.Ba4 Nf6 5.O-O Be7 6.Bxc6 dxc6 7.d3 Nd7 8.Nbd2 f6
9.b3 O-O 10.Bb2 Nc5 11.d4 exd4 12.Nxd4 Qe8 13.f4 Qf7 14.Qf3 Re8 15.Rae1 Bf8
16.Qg3 f5 17.exf5 Bxf5 18.Qg5 Ne4 19.Nxe4 Bxe4 20.f5 Bc5 21.f6 Bb6 22.Kh1 Bxd4
23.Bxd4 Bxc2 24.fxg7 Rxe1 25.Rxe1 Re8 26.Rxe8+ Qxe8 27.Qf6 Qe1+ 28.Bg1 Qe8
29.h4 Bg6 30.Bf2 Bf7 31.Bg3 Qe6 32.Qd4 Qd5 33.Qc3 Qd1+ 34.Kh2 Qg4 35.Qe5 Qxg7
36.Qxc7 Bd5 37.Qc8+ Qf8 38.Qxb7 Qf1 39.Qc8+ Kf7 40.Qd7+ Kf6 41.Qd6+ Kf7 42.Qc7+ Kg8
43.Qb8+ Kf7  1/2-1/2

[Event "Wch U18"]
[Site "Bratislava"]
[Date "1993.??.??"]
[Round "8"]
[White "Almasi, Zoltan"]
[Black "Fridman, Daniel"]
[Result "1/2-1/2"]
[WhiteElo "2490"]
[BlackElo "2380"]

1.e4 c6 2.d4 d5 3.Nc3 dxe4 4.Nxe4 Nd7 5.Ng5 e6 6.Bd3 Ngf6 7.N1f3 h6 8.Ne4 Qc7
9.O-O Nxe4 10.Bxe4 Nf6 11.Bd3 Bd6 12.Qe2 b6 13.c3 Bb7 14.Ne5 O-O-O 15.Ba6 Bxe5  1/2-1/2

[Event "Wch U18"]
[Site "Bratislava"]
[Date "1993.??.??"]
[Round "9"]
[White "Kumaran, Dharshan"]
[Black "Almasi, Zoltan"]
[Result "0-1"]
[WhiteElo "2385"]
[BlackElo "2490"]

1.d4 Nf6 2.c4 e6 3.Nc3 Bb4 4.Qc2 O-O 5.a3 Bxc3+ 6.Qxc3 b6 7.Bg5 Bb7 8.e3 d6
9.f3 Nbd7 10.Nh3 c5 11.dxc5 bxc5 12.Be2 Qb6 13.O-O d5 14.cxd5 exd5 15.b4 c4
16.Rfd1 Rfe8 17.Qd4 h6 18.Bxf6 Nxf6 19.Kf2 Qc7 20.Nf4 Re5 21.Rac1 Rae8 22.Rc3 g5
23.Nh3 Bc8 24.Bf1 Bxh3 25.gxh3 Nh5 26.Qc5 Qxc5 27.bxc5 Rc8 28.Rb1 Rxc5 29.Rb7 a5
30.e4 dxe4 31.Bxc4 Kh8 32.Rxf7 e3+ 33.Ke1 Re8 34.Rh7+ Kxh7 35.Bd3+ Kg7 36.Rxc5 Nf4
37.Bb5 Re7 38.Rc2 Nxh3  0-1

[Event "Wch U18"]
[Site "Bratislava"]
[Date "1993.??.??"]
[Round "11"]
[White "Ramesh, RB."]
[Black "Almasi, Zoltan"]
[Result "0-1"]
[WhiteElo "2215"]
[BlackElo "2490"]

1.e4 e5 2.Nf3 Nc6 3.Bb5 a6 4.Ba4 Nf6 5.O-O Be7 6.Re1 b5 7.Bb3 d6 8.c3 O-O
9.h3 Re8 10.d4 Bb7 11.Nbd2 Bf8 12.d5 Nb8 13.Nf1 Nbd7 14.Ng3 Nc5 15.Bc2 g6
16.Nh2 h6 17.Qf3 Bg7 18.Ng4 Nxg4 19.hxg4 Qe7 20.Nf1 Kh7 21.g3 Rh8 22.Kg2 Bf6
23.Qe3 Kg7 24.b3 c6 25.c4 cxd5 26.cxd5 Rac8 27.Bd1 Bg5 28.f4 exf4 29.gxf4 Bf6
30.Rb1 Qxe4+ 31.Qxe4 Nxe4 32.Rxe4 Bxd5 33.Nd2 Rhe8 34.Bf3 Bxe4 35.Bxe4 d5
36.Bxd5 Re1  0-1

[Event "Bucharest Caissa"]
[Site "Bucharest"]
[Date "1993.??.??"]
[Round "2"]
[White "Almasi, Zoltan"]
[Black "Gyimesi, Zoltan"]
[Result "1/2-1/2"]
[WhiteElo "2490"]
[BlackElo "2395"]

1.e4 e5 2.Nf3 Nc6 3.Bb5 a6 4.Ba4 Nf6 5.O-O Nxe4 6.d4 b5 7.Bb3 d5 8.dxe5 Be6
9.c3 Bc5 10.Qe1 O-O 11.Be3 f6 12.Nbd2 Nxd2 13.Qxd2 Bxe3 14.Qxe3 Nxe5 15.Nxe5 fxe5
16.Qxe5 Qd7 17.Rfe1 Rfe8 18.Qd4 Rad8 19.f3 Bf7 20.Qc5 h6 21.Kf2 c6 22.a4 Qc7
23.axb5 axb5 24.g3 Qd7 25.Bc2 Ra8 26.Rxa8 Rxa8 27.Kg2 Re8 28.Rxe8+ Qxe8 29.Kf2 Bg6
30.Bd1 Qe6 31.Be2 Kh7 32.Qe3 Qh3 33.Kg1 Qf5 34.b4 Qc2 35.Kf2 Qf5 36.g4 Qf6
37.Kg3 Qd6+ 38.Kg2 Qf6 39.Kg3 Qd6+ 40.Kg2 Qf6 41.h3 Kg8 42.Bf1 Kh7 43.Kg1 Qd6
44.Kf2 Bb1 45.Bg2 g6 46.Qd4 Kg8 47.Qe3 Kf7  1/2-1/2

[Event "Bucharest Caissa"]
[Site "Bucharest"]
[Date "1993.??.??"]
[Round "3"]
[White "Zak, Uriel"]
[Black "Almasi, Zoltan"]
[Result "0-1"]
[WhiteElo "2305"]
[BlackElo "2490"]

1.c4 e5 2.Nf3 Nc6 3.Nc3 Nf6 4.a3 d5 5.cxd5 Nxd5 6.Qc2 Be7 7.e3 a6 8.Bd3 g6
9.Be4 Be6 10.Qd3 Nxc3 11.Qxc3 f6 12.Bxc6+ bxc6 13.Qxc6+ Bd7 14.Qd5 c5 15.d4 Ba4
16.Qe4 Rc8 17.O-O Bc6 18.Qg4 e4 19.Nh4 f5 20.Nxf5 Bd7 21.Ng7+ Kf7 22.Qxe4 Kxg7
23.dxc5 Bb5 24.Re1 Re8 25.a4 Bd3 26.Qb4 a5 27.Qb3 Rb8 28.Qa3 Ba6 29.e4 Bf6
30.h3 Bc4 31.Qe3 Rb3 32.Qh6+ Kg8 33.Qf4 Be5 34.Qg4 Be6 35.Qe2 Rf8 36.Rd1 Qb8
37.Qa6 Bf7 38.Bh6 Re8 39.Rac1 Rxb2 40.Qc6 Bh2+ 41.Kh1 Bf4 42.Bxf4 Qxf4 43.Rf1 Rxe4
44.Qa8+ Rb8 45.Qxa5 Rxa4 46.Qc3 Rb3 47.Qc2 Rxh3+ 48.gxh3 Qf3+  0-1

[Event "Bucharest Caissa"]
[Site "Bucharest"]
[Date "1993.??.??"]
[Round "5"]
[White "Schipkov, Boris"]
[Black "Almasi, Zoltan"]
[Result "0-1"]
[WhiteElo "2345"]
[BlackElo "2490"]

1.d4 Nf6 2.c4 e6 3.Nc3 Bb4 4.e3 O-O 5.Ne2 d5 6.cxd5 exd5 7.g3 Re8 8.Bg2 c6
9.O-O Bf5 10.f3 Nbd7 11.g4 Bg6 12.Ng3 Nb6 13.f4 Bxc3 14.bxc3 Be4 15.Bh3 Nc4
16.g5 Nd7 17.Qg4 Nf8 18.f5 Bd3 19.Rf3 Qa5 20.g6 hxg6 21.f6 Qxc3 22.fxg7 Qxa1
23.gxf8=Q+ Rxf8 24.Nh5 Qxc1+ 25.Bf1 Bxf1 26.Nf6+ Kg7 27.Nh5+ Kh8 28.Qg5 Be2+  0-1

[Event "Bucharest Caissa"]
[Site "Bucharest"]
[Date "1993.??.??"]
[Round "6"]
[White "Anka, Emil"]
[Black "Almasi, Zoltan"]
[Result "1-0"]
[WhiteElo "2395"]
[BlackElo "2490"]

1.e4 c5 2.Nf3 d6 3.d4 cxd4 4.Nxd4 Nf6 5.Nc3 a6 6.Bc4 e6 7.Bb3 Nbd7 8.Bg5 Nc5
9.f4 h6 10.Bxf6 Qxf6 11.O-O Bd7 12.f5 Qg5 13.Qe1 O-O-O 14.Rd1 Re8 15.Nf3 Qd8
16.fxe6 fxe6 17.Nh4 Qb6 18.Kh1 g5 19.Ng6 Rg8 20.Nxf8 Rgxf8 21.Qg3 Qc7 22.Qh3 Rxf1+
23.Rxf1 Rh8 24.Qe3 Bc6 25.Bc4 Kb8 26.b4 Nxe4 27.Nxe4 d5 28.Bxa6 dxe4 29.Be2 Qe5
30.c4 Rd8 31.b5 Be8 32.h3 h5 33.Rf8 g4 34.hxg4 hxg4 35.Bxg4 Qg7 36.Qb6 Qe7
37.Rf1 Rd6 38.Qe3 Qh4+ 39.Qh3 Qg5 40.Rf8 Rd8 41.b6 Qe7 42.Qh8 e5 43.Kg1 Ka8
44.Bh5 Qh4 45.Qxe5 Qe1+ 46.Rf1 Qe3+ 47.Kh1 Bxh5 48.Qa5+ Kb8 49.Qe5+ Ka8 50.Qa5+ Kb8
51.Qa7+ Kc8 52.Qa8+ Kd7 53.Qxb7+ Ke6 54.Qc6+ Rd6 55.Qc8+ Rd7 56.b7  1-0

[Event "Bucharest Caissa"]
[Site "Bucharest"]
[Date "1993.??.??"]
[Round "8"]
[White "Leko, Peter"]
[Black "Almasi, Zoltan"]
[Result "1/2-1/2"]
[WhiteElo "2465"]
[BlackElo "2490"]

1.e4 e5 2.Nf3 Nc6 3.Bb5 Nf6 4.O-O Nxe4 5.d4 Nd6 6.Bxc6 dxc6 7.dxe5 Nf5 8.Qxd8+ Kxd8
9.Nc3 Ke8 10.h3 Be6 11.Ne2 Bd5 12.Ned4 Nxd4 13.Nxd4 Bc5 14.Be3 Bxd4 15.Bxd4 b6
16.a3  1/2-1/2

[Event "Bucharest Caissa"]
[Site "Bucharest"]
[Date "1993.??.??"]
[Round "9"]
[White "Almasi, Zoltan"]
[Black "Stajcic, Nikola"]
[Result "1-0"]
[WhiteElo "2490"]
[BlackElo "2270"]

1.e4 c5 2.Nf3 d6 3.d4 cxd4 4.Nxd4 Nf6 5.Nc3 Nc6 6.Bg5 e6 7.Qd2 a6 8.O-O-O h6
9.Be3 Be7 10.f4 Nxd4 11.Bxd4 b5 12.Bd3 b4 13.Na4 Rb8 14.e5 dxe5 15.Bxe5 Bd7
16.f5 Bxa4 17.fxe6 Bb5 18.Qf4 O-O 19.exf7+ Rxf7 20.Bxb8 Nd7 21.Bc7 Qc8 22.Bh7+ Kf8
23.Qg3 Nf6 24.Bg6  1-0

[Event "Bucharest Caissa"]
[Site "Bucharest"]
[Date "1993.??.??"]
[Round "11"]
[White "Almasi, Zoltan"]
[Black "Zagrebelny, Sergey"]
[Result "1/2-1/2"]
[WhiteElo "2490"]
[BlackElo "2490"]

1.e4 c5 2.Nf3 d6 3.d4 cxd4 4.Nxd4 Nf6 5.Nc3 a6 6.f4 e5 7.Nf3 Nbd7 8.a4 Be7
9.Bd3 O-O 10.O-O Nc5 11.Kh1 exf4 12.Bxf4 Bg4 13.Qd2 Bh5 14.Rae1 Bg6 15.b4 Nxd3
16.cxd3 d5 17.e5 Nh5 18.Bg5 f6 19.exf6 gxf6 20.Bh6 Rf7 21.Rb1 Qd7 22.Be3 Re8
23.Rfe1 Bf8 24.Bc5 Rxe1+ 25.Rxe1 Bxc5 26.bxc5 d4 27.Ne4 Qxa4 28.Nd6 Rc7 29.Nh4 Ng7
30.Qf4 Re7 31.Rf1 Re6 32.Nxg6 hxg6 33.Ne4 f5 34.Ng5 Re8 35.Qd6 Qc6 36.Qxd4 Re2
37.Rg1 Ne6 38.Nxe6 Qxe6 39.h3 Re5 40.Qd8+ Kg7 41.d4 Rd5 42.Qb8 Rd7 43.Rb1 Qe4
44.Rb6 f4 45.Qe5+ Qxe5 46.dxe5 Rc7 47.Kg1 Kh6 48.e6 Kg5 49.Kf2 Kf5 50.h4 Rxc5
51.e7 Re5 52.Rxb7 Kg4 53.Rb6 Rxe7 54.Rxg6+ Kxh4 55.Kf3  1/2-1/2

[Event "Bucharest Caissa"]
[Site "Bucharest"]
[Date "1993.??.??"]
[Round "13"]
[White "Almasi, Zoltan"]
[Black "Farkas, Tibor"]
[Result "1-0"]
[WhiteElo "2490"]
[BlackElo "2370"]

1.e4 c5 2.Nf3 d6 3.d4 cxd4 4.Nxd4 Nf6 5.Nc3 a6 6.f4 Nbd7 7.Be2 e6 8.Bf3 Be7
9.O-O Qc7 10.a4 O-O 11.Kh1 Rd8 12.a5 Ne5 13.Be2 Nc4 14.Nb3 Bd7 15.Qe1 Rac8
16.Bd3 Be8 17.Na4 d5 18.e5 Nd7 19.Be3 Nxe3 20.Qxe3 Bb4 21.c3 Bxa5 22.Nxa5 Qxa5
23.f5 Nf8 24.f6 d4 25.Qg5 Ng6 26.Bxg6 hxg6 27.fxg7 Kxg7 28.Qf6+ Kf8 29.Rf3 Qxa4
30.Rxa4 dxc3 31.Rf1  1-0

[Event "Spring op"]
[Site "Budapest"]
[Date "1993.??.??"]
[Round "1"]
[White "Almasi, Zoltan"]
[Black "Galyas, Miklos"]
[Result "1-0"]
[WhiteElo "2490"]
[BlackElo "2205"]

1.e4 e6 2.d4 d5 3.Nc3 Nf6 4.Bg5 Bb4 5.e5 h6 6.Bd2 Bxc3 7.bxc3 Ne4 8.Qg4 g6
9.Bd3 Nxd2 10.Kxd2 c5 11.h4 Nc6 12.Qf4 Qe7 13.Nf3 Bd7 14.Rab1 b6 15.Qf6 Qxf6
16.exf6 cxd4 17.cxd4 Rc8 18.Rhc1 O-O 19.Ne5 Rc7 20.Nxc6 Bxc6 21.f4 h5 22.g4 hxg4
23.Rg1 Bd7 24.h5 Bc8 25.Rbe1 gxh5 26.Re5  1-0

[Event "Elekes mem"]
[Site "Budapest"]
[Date "1993.??.??"]
[Round "1"]
[White "Almasi, Zoltan"]
[Black "Siebrecht, Sebastian"]
[Result "1-0"]
[WhiteElo "2490"]
[BlackElo "2335"]

1.e4 c5 2.Nf3 e6 3.d4 cxd4 4.Nxd4 a6 5.Bd3 Qc7 6.O-O Nf6 7.Qe2 Nc6 8.c3 Be7
9.Nd2 b5 10.a4 Nxd4 11.cxd4 b4 12.a5 d5 13.e5 Nd7 14.Nb3 Nb8 15.Qg4 Bf8 16.Bd2 h5
17.Qh4 Nc6 18.Rfc1 Bd7 19.Nc5 Bxc5 20.Rxc5 Qb7 21.Rac1 Rc8 22.Qg5 Kf8 23.h4 Ra8
24.Kh2 Be8 25.f4 Nxd4 26.Rc7 Qb8 27.Qe7+ Kg8 28.Bxb4 Nf5 29.Bxf5 exf5 30.e6  1-0

[Event "Elekes mem"]
[Site "Budapest"]
[Date "1993.??.??"]
[Round "3"]
[White "Dinstuhl, Volkmar"]
[Black "Almasi, Zoltan"]
[Result "0-1"]
[WhiteElo "2360"]
[BlackElo "2490"]

1.d4 Nf6 2.c4 e6 3.Nf3 b6 4.Nc3 Bb7 5.a3 d5 6.Qc2 Be7 7.cxd5 Nxd5 8.Bd2 Nd7
9.e4 Nxc3 10.Bxc3 O-O 11.O-O-O c5 12.dxc5 Qc7 13.cxb6 Nxb6 14.Kb1 Rac8 15.Rc1 Qd7
16.Ne5 Qe8 17.Qe2 Bf6 18.Qe3 Qa4 19.f4 Bxe4+ 20.Bd3 Bxd3+ 21.Qxd3 Nd5 22.Bd2 Nxf4
23.Bxf4 Qxf4 24.Nd7 Qd4 25.Qxd4 Bxd4 26.Nxf8 Rxf8 27.b4 f5 28.Rc7 g5 29.Rd7 e5
30.Rc1 Rf7 31.Rcc7 Rxd7 32.Rxd7 g4 33.Kc2 f4 34.Kd1 f3 35.gxf3 gxf3 36.b5 Bg1
37.a4 e4 38.Re7 e3 39.Ke1 e2 40.Rxa7 Bxa7 41.a5 Bc5  0-1

[Event "Spring op"]
[Site "Budapest"]
[Date "1993.??.??"]
[Round "4"]
[White "Polzin, Rainer"]
[Black "Almasi, Zoltan"]
[Result "0-1"]
[WhiteElo "2375"]
[BlackElo "2490"]

1.e4 e5 2.Nf3 Nc6 3.Bc4 Bc5 4.c3 Nf6 5.d4 exd4 6.cxd4 Bb4+ 7.Bd2 Bxd2+ 8.Nbxd2 d5
9.exd5 Nxd5 10.Qb3 Na5 11.Qa4+ Nc6 12.Qb3 Nce7 13.O-O O-O 14.Ne5 c6 15.Rac1 Qb6
16.Qxb6 axb6 17.Ne4 Rd8 18.Rfe1 f6 19.Nf3 Kf8 20.h3 Bf5 21.Nc3 Nf4 22.Rcd1 Bg6
23.Rd2 Bf7 24.Bxf7 Kxf7 25.Re4 Nfd5 26.Re1 Rd7 27.Nxd5 Nxd5 28.a3 Ra4 29.g3 b5
30.h4 b4 31.axb4 Rxb4 32.Ra1 Nb6 33.Rc2 Nc4 34.Ra2 Rd5 35.Kg2 Rdb5 36.Ra8 Nb6
37.Ra7 Nc8 38.Ra8 Ne7 39.Ra2 Nf5 40.Rd2 h5 41.Kg1 Nd6 42.Rc2 Rf5 43.Kg2 Nb5
44.Rd2 Rd5 45.Rc2 Kg6 46.Ra8 Rb3 47.Rd2 Nd6 48.Re2 Nf5 49.Rd2 Rdb5 50.Ra2 R3b4
51.Kg1 Nd6 52.Rc2 Nc4 53.Ra8 Nxb2 54.Re2 Nc4 55.Re7 Nd6 56.Rd7 Nf5 57.Rb8 Rb1+
58.Kg2 R5b2 59.Re8 Nh6 60.Ng1 Rd1 61.Ree7 Nf5 62.Rxb7 Rc2 63.Red7 Rd3 64.Nf3 Ne3+
65.Kh3 Ng4  0-1

[Event "Spring op"]
[Site "Budapest"]
[Date "1993.??.??"]
[Round "5"]
[White "Almasi, Zoltan"]
[Black "Rovid, Kalman"]
[Result "1-0"]
[WhiteElo "2490"]
[BlackElo "2325"]

1.e4 c5 2.Nf3 Nc6 3.d4 cxd4 4.Nxd4 Nf6 5.Nc3 e5 6.Ndb5 d6 7.Bg5 a6 8.Na3 Be6
9.Nc4 Rc8 10.Bxf6 gxf6 11.Bd3 Ne7 12.Ne3 Bg7 13.O-O O-O 14.Qf3 Re8 15.Ncd5 Ng6
16.g3 Nf8 17.c3 Nd7 18.a4 Nc5 19.Bc2 Nd7 20.a5 Rc5 21.b4 Rc8 22.Rfd1 Nf8
23.Ba4 Bd7 24.Bxd7 Qxd7 25.Nb6 Qh3 26.Nxc8 Rxc8 27.Nf5 Ng6 28.Rd3 Bf8 29.Qg2 Qg4
30.f3 Qh5 31.h4 Ne7 32.g4 Qg6 33.Nxd6 Rc7 34.Rad1 Nc6 35.Nf5 Rc8 36.Rd7 h6
37.h5 Qg5 38.Qa2  1-0

[Event "Elekes mem"]
[Site "Budapest"]
[Date "1993.??.??"]
[Round "7"]
[White "Lukacs, Peter"]
[Black "Almasi, Zoltan"]
[Result "1/2-1/2"]
[WhiteElo "2480"]
[BlackElo "2490"]

1.d4 Nf6 2.c4 e6 3.Nf3 b6 4.e3 Bb7 5.Nc3 d5 6.cxd5 exd5 7.Bb5+ c6 8.Bd3 Be7
9.O-O O-O 10.b3 Re8  1/2-1/2

[Event "Elekes mem"]
[Site "Budapest"]
[Date "1993.??.??"]
[Round "8"]
[White "Almasi, Zoltan"]
[Black "Lorincz, Istvan"]
[Result "1-0"]
[WhiteElo "2490"]
[BlackElo "2355"]

1.e4 c6 2.d4 d5 3.Nc3 dxe4 4.Nxe4 Bf5 5.Ng3 Bg6 6.h4 h6 7.Nf3 Nd7 8.h5 Bh7
9.Bd3 Bxd3 10.Qxd3 Ngf6 11.Bf4 e6 12.O-O-O Be7 13.Ne5 O-O 14.c4 Rc8 15.Kb1 b5
16.Qf3 bxc4 17.Nxc6 Qe8 18.Rhe1 Nb6 19.Nf5 Rxc6 20.Nxe7+ Qxe7 21.Qxc6 Rc8
22.Qf3 Nfd5 23.Rc1 Nxf4 24.Qxf4 Nd5 25.Qf3 Qb4 26.Ka1 Rc6 27.g3 Ra6 28.Re5 Rb6
29.Re2 Qa4 30.Qe4 Ra6 31.b3 Qxb3 32.Rb2 Nc3 33.Qc2 Qxc2 34.Rcxc2 Ra3 35.Rb8+ Kh7
36.Kb2  1-0